Nihon keizai no ippan kinkō bunseki /
Saved in:
| Main Author: | |
|---|---|
| Other Authors: | |
| Format: | Book |
| Language: | Japanese |
| Published: |
Tōkyō :
Chikuma Shobō,
1974.
|
| Subjects: | |
| Tags: |
Add Tag
No Tags, Be the first to tag this record!
|
| LEADER | 01015nam a2200277 a 4500 | ||
|---|---|---|---|
| 001 | 007765590-7 | ||
| 005 | 20024617115958.0 | ||
| 008 | 881006s1974 ja a b 001 0 jpnrd | ||
| 010 | |a 74804288 | ||
| 015 | |a Ja74-3742 | ||
| 035 | 0 | |a ocm18576087 | |
| 040 | |a CU-S |c CU-S |d *YNH* |d CStRLIN | ||
| 050 | |a HC462.9 |b .T7615 | ||
| 100 | 1 | |6 880-01 |a Tsujimura, Kōtarō, |d 1924- | |
| 245 | 1 | 0 | |6 880-02 |a Nihon keizai no ippan kinkō bunseki / |c Tsujimura Kōtarō, Kuroda Masahiro. |
| 260 | |6 880-03 |a Tōkyō : |b Chikuma Shobō, |c 1974. | ||
| 300 | |a xii, 453 p. : |b ill. ; |c 22 cm. | ||
| 504 | |a Includes bibliographical references and indexes. | ||
| 651 | 0 | |a Japan |x Economic conditions |y 1945- |x Mathematical models. | |
| 700 | 1 | |6 880-04 |a Kurodo, Masahiro, |d 1941- | |
| 880 | 1 | |6 100-01 |a 辻村江太郎, |d 1924- | |
| 880 | 1 | 0 | |6 245-02 |a 日本経済の一般均衡分析 / |c 辻村江太郎, 黒田昌裕. |
| 880 | |6 260-03 |a 東京 : |b 筑摩書房, |c 1974. | ||
| 880 | 1 | |6 700-04 |a 黒田昌裕, |d 1941- | |
| 988 | |a 20021214 | ||
| 906 | |0 OCLC | ||


